000 00342 a2200157 4500
001 192994
020 _a978-85-322-7447-2
040 _cMagnum
100 _aCoelho, Ronaldo Simões
240 1 0 _aA laranja colorida
_lpor
245 1 0 _aA laranja colorida
300 _a26
362 0 _a2010
697 _aLITERATURA INFANTO
942 _cBK
999 _c192994
_d192994